Central Library OPAC University of Rajshahi

The functions of social conflict / (Record no. 33720)

MARC details
000 -LEADER
fixed length control field 00750nam a2200241 i 4500
001 - CONTROL NUMBER
control field 33720
003 - CONTROL NUMBER IDENTIFIER
rucl marc code BD-RjUL
005 - DATE AND TIME OF LATEST TRANSACTION
control field 20211209052041.0
008 - FIXED-LENGTH DATA ELEMENTS--GENERAL INFORMATION
fixed length control field 140511r19681956uk 00100 eng d
020 ## - INTERNATIONAL STANDARD BOOK NUMBER
International Standard Book Number 0710033591
035 ## - SYSTEM CONTROL NUMBER
System control number (BD-RjUL)33811
040 ## - CATALOGING SOURCE
Original cataloging agency BD-RjUL
Language of cataloging eng
Transcribing agency BD-RjUL
041 ## - LANGUAGE CODE
Language code of text/sound track or separate title eng
082 ## - DEWEY DECIMAL CLASSIFICATION NUMBER
Classification number 303.6
Author mark and year COF 1968
100 1# - MAIN ENTRY--PERSONAL NAME
Personal name Coser, Lewis A.
Fuller form of name (Lewis Alfred),
Dates associated with a name 1913-
9 (RLIN) 102386
245 14 - TITLE STATEMENT
Title The functions of social conflict /
Statement of responsibility, etc. by Lewis A. Coser.
260 0# - PUBLICATION, DISTRIBUTION, ETC. (IMPRINT)
Place of publication, distribution, etc. London :
Name of publisher, distributor, etc. Routledge & Kegan Paul,
Date of publication, distribution, etc. 1956 [printing 1968]
300 ## - PHYSICAL DESCRIPTION
Pagination 188 [15] p. ;
Size 23 cm.
504 ## - BIBLIOGRAPHY, ETC. NOTE
Bibliography, etc Includes index.
650 #0 - SUBJECT ADDED ENTRY--TOPICAL TERM
Topical term or geographic name as entry element Social conflict.
9 (RLIN) 102388
942 ## - ADDED ENTRY ELEMENTS (KOHA)
Source of classification or shelving scheme Dewey Decimal Classification
Koha item type Books
Holdings
Lost status Source of classification or shelving scheme Damaged status Not for loan Collection code Permanent Location Current Location Shelving location Date acquired Source of acquisition Cost, normal purchase price Total Checkouts Full call number Date last seen Copy number Koha item type
  Dewey Decimal Classification     Non-fiction Central Library, University of Rajshahi Central Library, University of Rajshahi   07/08/1973 Paramount Book Corp. 25.50   303.6 COF 1968 11/05/2014 C-4 Books
  Dewey Decimal Classification     Non-fiction Central Library, University of Rajshahi Central Library, University of Rajshahi   07/08/1973 Sweets & Zeitlinger 50.00   303.6 COF 1965 11/05/2014 C-3 Books
  Dewey Decimal Classification     Non-fiction Central Library, University of Rajshahi Central Library, University of Rajshahi   07/08/1973 Sweets & Zeitlinger 50.00   303.6 COF 1965 11/05/2014 C-5 Books
  Dewey Decimal Classification     Non-fiction Central Library, University of Rajshahi Central Library, University of Rajshahi   07/08/1973 Sweet & Zeitlinger 50.00   303.6 COF 1965 12/05/2014 C-2 Books